[Event "HUN-chT 2324"]
[Site "Hungary"]
[Date "2024.03.10"]
[Round "6.4"]
[White "Ruck, Robert"]
[Black "Istvandi, Lajos"]
[Result "1-0"]
[WhiteElo "2533"]
[BlackElo "2236"]
[PlyCount "129"]
[EventDate "2023.10.28"]
[EventType "team-tourn"]
[EventRounds "9"]
[EventCountry "HUN"]
[SourceTitle "CB16_2024"]
[SourceDate "2024.04.17"]
[SourceVersion "1"]
[SourceVersionDate "2024.04.17"]
[SourceQuality "1"]
[WhiteTeam "Haladas"]
[BlackTeam "Tapolca Varos"]
[WhiteTeamCountry "HUN"]
[BlackTeamCountry "HUN"]

1. Nf3 Nf6 2. c4 g6 3. d4 Bg7 4. g3 0-0 5. Bg2 c5 6. 0-0 cxd4 7. Nxd4 Nc6 8. Nc3 Qa5 9. Nb3 Qh5 10. c5 a5 11. e3 a4 12. Qxh5 Nxh5 13. Nd4 Nxd4 14. exd4 Bxd4 15. Nd5 Bxc5 16. Bh6 e6 17. Rfc1 exd5 18. Rxc5 Re8 19. Rxd5 Nf6 20. Rb5 d5 21. Be3 Ra6 22. Bd4 Rae6 23. h3 h5 24. Kh2 g5 25. Rc1 Rc6 26. Rxc6 bxc6 27. Rb6 Ne4 28. Rxc6 g4 29. Rh6 f6 30. Rxh5 gxh3 31. Bxh3 Bxh3 32. Kxh3 Ng5+ 33. Kg2 Kf7 34. Rh6 Re6 35. Be3 Ne4 36. Rh7+ Kg6 37. Ra7 Nd6 38. Ra6 Kf7 39. Rxa4 Nc4 40. Bd4 Re4 41. Ra7+ Kg6 42. Bc5 Nxb2 43. Rd7 Ra4 44. a3 Nd3 45. Be7 Kf7 46. Bd8+ Ke6 47. Rb7 f5 48. Re7+ Kd6 49. Re3 Nb2 50. Be7+ Kc6 51. Rf3 Kd7 52. Bf6 Nc4 53. Rxf5 Ke6 54. Rf4 Rxa3 55. Bd4 Rd3 56. g4 Nd6 57. Bh8 Ne4 58. f3 Rd2+ 59. Kh3 Rf2 60. Bd4 Rd2 61. fxe4 Rxd4 62. exd5+ Rxd5 63. Kh4 Rd1 64. g5 Rh1+ 65. Kg4 1-0

[Event "HUN-chT 2324"]
[Site "Hungary"]
[Date "2024.03.03"]
[Round "5.4"]
[White "Istvandi, Lajos"]
[Black "Prohaszka, Peter"]
[Result "0-1"]
[WhiteElo "2236"]
[BlackElo "2578"]
[PlyCount "62"]
[EventDate "2023.10.28"]
[EventType "team-tourn"]
[EventRounds "9"]
[EventCountry "HUN"]
[SourceTitle "CB16_2024"]
[SourceDate "2024.04.17"]
[SourceVersion "1"]
[SourceVersionDate "2024.04.17"]
[SourceQuality "1"]
[WhiteTeam "Tapolca Varos"]
[BlackTeam "Ajka Sentimento"]
[WhiteTeamCountry "HUN"]
[BlackTeamCountry "HUN"]

1. e4 c6 2. d4 d5 3. exd5 cxd5 4. Bd3 Nc6 5. c3 Nf6 6. Bf4 g6 7. Nd2 Bf5 8. Bb5 Qb6 9. Bxc6+ bxc6 10. Nb3 a5 11. Qe2 Bg7 12. Nc5 0-0 13. Nf3 Ne4 14. Nd3 c5 15. Nxc5 Nxc5 16. dxc5 Qxc5 17. Be3 Bxc3+ 18. Kf1 d4 19. bxc3 dxe3 20. Qxe3 Qxe3 21. fxe3 Rfc8 22. Kf2 Rxc3 23. Rhc1 Rac8 24. Rxc3 Rxc3 25. Rd1 Ra3 26. Rd2 Be6 27. Nd4 Rxa2 28. Ke2 Bc4+ 29. Kd1 a4 30. Rxa2 Bxa2 31. Kc2 Bd5 0-1

[Event "HUN-chT 2324"]
[Site "Hungary"]
[Date "2023.10.28"]
[Round "1.3"]
[White "Istvandi, Lajos"]
[Black "Turcan, Richard"]
[Result "0-1"]
[WhiteElo "2236"]
[BlackElo "2402"]
[PlyCount "82"]
[EventDate "2023.10.28"]
[EventType "team-tourn"]
[EventRounds "9"]
[EventCountry "HUN"]
[SourceTitle "Mega2024 Update 01"]
[Source "Chessbase"]
[SourceDate "2023.11.12"]
[SourceVersion "1"]
[SourceVersionDate "2023.11.12"]
[SourceQuality "1"]
[WhiteTeam "Tapolca Varos"]
[BlackTeam "Kekes"]
[WhiteTeamCountry "HUN"]
[BlackTeamCountry "HUN"]

1. d4 Nf6 2. Nf3 d5 3. e3 e6 4. Bd3 c5 5. Nbd2 Nc6 6. dxc5 Bxc5 7. Qe2 Nb4 8. Nb3 Nxd3+ 9. cxd3 Bb4+ 10. Bd2 Bxd2+ 11. Qxd2 0-0 12. 0-0 Qd6 13. Qc3 Bd7 14. Rfc1 Rfc8 15. Qd4 b6 16. Rxc8+ Rxc8 17. Rc1 Rxc1+ 18. Nxc1 Qc7 19. Qc3 Qxc3 20. bxc3 Kf8 21. Ne5 Ba4 22. Kf1 Ne8 23. f4 Ke7 24. Ke2 f6 25. Nf3 Kd6 26. Kd2 Nc7 27. Ne2 Na6 28. g4 Nc5 29. Ned4 Bd7 30. Nb3 e5 31. Nxc5 bxc5 32. fxe5+ fxe5 33. h3 h5 34. gxh5 Bxh3 35. Ng5 Bg4 36. h6 gxh6 37. Nf7+ Ke6 38. Nxh6 Bh3 39. d4 cxd4 40. exd4 exd4 41. cxd4 Kf6 0-1

[Event "HUN-chT2 Charousek 1819"]
[Site "Hungary"]
[Date "2019.02.24"]
[Round "8.3"]
[White "Petran, Pal"]
[Black "Istvandi, Lajos"]
[Result "1/2-1/2"]
[WhiteElo "2306"]
[BlackElo "2275"]
[PlyCount "20"]
[EventDate "2018.09.23"]
[EventType "team-tourn"]
[EventRounds "11"]
[EventCountry "HUN"]
[SourceTitle "CBM 189 Extra"]
[Source "ChessBase"]
[SourceDate "2019.06.03"]
[SourceVersion "1"]
[SourceVersionDate "2019.06.03"]
[SourceQuality "1"]
[WhiteTeam "Budapest HASE"]
[BlackTeam "Tapolca Varosi"]
[WhiteTeamCountry "HUN"]
[BlackTeamCountry "HUN"]

1. d4 Nf6 2. c4 e6 3. Nc3 Bb4 4. Qc2 c5 5. dxc5 Bxc5 6. Nf3 0-0 7. Bg5 Be7 8. e3 b6 9. Be2 Bb7 10. 0-0 h6 1/2-1/2

[Event "HUN-chT2 Charousek 1819"]
[Site "Hungary"]
[Date "2018.10.28"]
[Round "3.1"]
[White "Orosz, Andras1111"]
[Black "Istvandi, Lajos"]
[Result "1/2-1/2"]
[WhiteElo "2311"]
[BlackElo "2275"]
[PlyCount "25"]
[EventDate "2018.09.23"]
[EventType "team-tourn"]
[EventRounds "11"]
[EventCountry "HUN"]
[SourceTitle "CBM 189 Extra"]
[Source "ChessBase"]
[SourceDate "2019.06.03"]
[SourceVersion "1"]
[SourceVersionDate "2019.06.03"]
[SourceQuality "1"]
[WhiteTeam "Gyor Szechenyi"]
[BlackTeam "Tapolca Varosi"]
[WhiteTeamCountry "HUN"]
[BlackTeamCountry "HUN"]

1. d4 Nf6 2. c4 c5 3. d5 e6 4. Nc3 exd5 5. cxd5 d6 6. Nf3 g6 7. g3 Bg7 8. Bg2 0-0 9. 0-0 Na6 10. Re1 Bg4 11. h3 Bxf3 12. Bxf3 Qd7 13. Bg2 1/2-1/2

[Event "HUN-chT2 Charousek 1718"]
[Site "Hungary"]
[Date "2017.12.17"]
[Round "4.1"]
[White "Istvandi, Lajos"]
[Black "Trbojevic, Mladen"]
[Result "0-1"]
[WhiteElo "2289"]
[BlackElo "2348"]
[PlyCount "102"]
[EventDate "2017.10.29"]
[EventType "team-tourn"]
[EventRounds "9"]
[EventCountry "HUN"]
[SourceTitle "EXT 2020"]
[Source "ChessBase"]
[SourceDate "2019.10.17"]
[SourceVersion "1"]
[SourceVersionDate "2019.10.17"]
[SourceQuality "1"]
[WhiteTeam "Tapolca Rockwool"]
[BlackTeam "Haladas Szombathely II"]
[WhiteTeamCountry "HUN"]
[BlackTeamCountry "HUN"]

1. e4 e5 2. Nf3 Nc6 3. Bb5 a6 4. Ba4 Nf6 5. d3 d6 6. c4 g6 7. Nc3 Bg7 8. Nd5 Bd7 9. 0-0 h6 10. Be3 Ng4 11. Bd2 0-0 12. h3 Nf6 13. Nh2 Kh7 14. Bxc6 bxc6 15. Nxf6+ Qxf6 16. Ng4 Qh4 17. f3 f5 18. Nf2 Rf7 19. Rc1 Raf8 20. Rc3 c5 21. Ra3 Bc8 22. Rb3 f4 23. Be1 h5 24. Rb8 Qe7 25. Qa4 g5 26. Rxc8 Rxc8 27. Qxa6 Qd7 28. Qa3 Rff8 29. Qb3 Ra8 30. a3 Rfb8 31. Qc2 Bf6 32. Bc3 c6 33. Re1 Bd8 34. Re2 Ba5 35. Bxa5 Rxa5 36. Qc3 Ra7 37. Rc2 Rab7 38. Qd2 Rb3 39. Kf1 Qb7 40. Nd1 Kg6 41. Qe2 Kf6 42. Ke1 Qa7 43. Kd2 R3b7 44. Kc1 Qa5 45. Qf2 Rb3 46. Qe2 Rg8 47. Nf2 Rb7 48. Qd1 Qa4 49. Qe2 Qb3 50. Rc3 Qa2 51. Rc2 Qa1+ 0-1

[Event "HUN-chT2 Charousek 1516"]
[Site "Hungary"]
[Date "2016.03.20"]
[Round "7.3"]
[White "Istvandi, Lajos"]
[Black "Terbe, Julianna"]
[Result "1/2-1/2"]
[WhiteElo "2305"]
[BlackElo "2209"]
[PlyCount "63"]
[EventDate "2015.10.18"]
[EventType "team-tourn"]
[EventRounds "9"]
[EventCountry "HUN"]
[SourceTitle "EXT 2017"]
[Source "ChessBase"]
[SourceDate "2016.10.25"]
[SourceVersion "1"]
[SourceVersionDate "2016.10.25"]
[SourceQuality "1"]
[WhiteTeam "Tapolca Rockwool"]
[BlackTeam "Budapest MTK"]
[WhiteTeamCountry "HUN"]
[BlackTeamCountry "HUN"]

1. e4 c5 2. Nc3 Nc6 3. f4 g6 4. Nf3 Bg7 5. Bc4 e6 6. f5 Nge7 7. fxe6 dxe6 8. d3 0-0 9. a4 Nd4 10. 0-0 Nec6 11. Nxd4 Nxd4 12. Bf4 a6 13. Qd2 Qb6 14. Ra2 Qd8 15. Nd1 Nc6 16. a5 Ne5 17. Ne3 Bd7 18. Kh1 Bc6 19. Qf2 Qe7 20. Qg3 f6 21. Bxe5 fxe5 22. Raa1 Rf4 23. Qh3 Bd7 24. g3 Rxf1+ 25. Rxf1 Re8 26. Bb3 Bb5 27. Nc4 Bxc4 28. Bxc4 h5 29. g4 hxg4 30. Qxg4 Kh7 31. Rf3 Bh6 32. Rg3 1/2-1/2

[Event "HUN-chT2 Charousek 1516"]
[Site "Hungary"]
[Date "2015.10.18"]
[Round "1.3"]
[White "Amrein, Roland"]
[Black "Istvandi, Lajos"]
[Result "1-0"]
[WhiteElo "2299"]
[BlackElo "2308"]
[PlyCount "77"]
[EventDate "2015.10.18"]
[EventType "team-tourn"]
[EventRounds "9"]
[EventCountry "HUN"]
[SourceTitle "CBM 170 Extra"]
[Source "ChessBase"]
[SourceDate "2016.02.25"]
[SourceVersion "1"]
[SourceVersionDate "2016.02.25"]
[SourceQuality "1"]
[WhiteTeam "Komlo"]
[BlackTeam "Tapolca Rockwool"]
[WhiteTeamCountry "HUN"]
[BlackTeamCountry "HUN"]

1. e4 c5 2. Nf3 Nc6 3. d4 cxd4 4. Nxd4 g6 5. Nc3 Bg7 6. Be3 Nf6 7. Bc4 Qa5 8. 0-0 0-0 9. Nb3 Qc7 10. f4 d6 11. Be2 Be6 12. g4 Nb4 13. g5 Nd7 14. Nd4 Bc4 15. a3 Na6 16. Ndb5 Bxb5 17. Nxb5 Qc6 18. Nxa7 Qxe4 19. Qd2 Nac5 20. Nb5 Bxb2 21. Rab1 Bg7 22. Bf3 Qa4 23. Qg2 Rab8 24. Rfe1 Ne6 25. Rb4 Qa6 26. h4 Nec5 27. Rd1 Rfc8 28. h5 Qa5 29. Qh3 Nf8 30. Rd2 Na6 31. Rb3 Rc5 32. hxg6 Rxb5 33. gxf7+ Kh8 34. Rxb5 Qxb5 35. Be4 h6 36. Bd4 e5 37. gxh6 Bf6 38. Qf5 Bd8 39. Rg2 1-0

[Event "HUN-chT2 Charousek 1415"]
[Site "Hungary"]
[Date "2014.11.16"]
[Round "2"]
[White "Istvandi, Lajos"]
[Black "Takacs, Balazs"]
[Result "0-1"]
[WhiteElo "2317"]
[BlackElo "2373"]
[PlyCount "160"]
[EventDate "2014.10.12"]
[EventType "team-tourn"]
[EventRounds "9"]
[EventCountry "HUN"]
[SourceTitle "EXT 2016"]
[Source "ChessBase"]
[SourceDate "2015.10.08"]
[SourceVersion "1"]
[SourceVersionDate "2015.10.08"]
[SourceQuality "1"]
[WhiteTeam "Tapolca"]
[BlackTeam "SZASTE"]
[WhiteTeamCountry "HUN"]
[BlackTeamCountry "HUN"]

1. d4 Nf6 2. Nf3 e6 3. Bg5 h6 4. Bh4 d6 5. Nc3 g5 6. Bg3 Nh5 7. Qd2 Bg7 8. 0-0-0 a6 9. d5 f5 10. h4 g4 11. Ne1 e5 12. e3 0-0 13. Nd3 Qf6 14. e4 f4 15. Bh2 Qxh4 16. Be2 Qe7 17. Bg1 Nf6 18. Kb1 Bd7 19. Nc1 Be8 20. f3 g3 21. a4 h5 22. a5 Nh7 23. Nb3 h4 24. Na2 Nd7 25. Bc4 Bf6 26. Qb4 b6 27. Qc3 Kg7 28. Nb4 Nc5 29. Bxc5 bxc5 30. Nc6 Qd7 31. Qd3 Qc8 32. Nd2 Rh8 33. c3 Ng5 34. b4 Qb7 35. Kc2 cxb4 36. Nxb4 Ba4+ 37. Nb3 Bb5 38. Bxb5 Qxb5 39. Qxb5 axb5 40. Rh3 Nxh3 41. gxh3 Kf7 42. Rd2 Rhg8 43. Rg2 c5 44. dxc6 Bd8 45. a6 Bb6 46. Nc1 Ra7 47. Kb3 Rga8 48. Ra2 Bf2 49. Ne2 Bc5 50. Ra5 g2 51. Rxb5 Bxb4 52. Rb7+ Ke6 53. cxb4 Rxa6 54. Rg7 Rxc6 55. Rxg2 Rcc8 56. Rg6+ Ke7 57. Rg4 Ra1 58. Nc3 Rf1 59. Nd5+ Kf7 60. Rxh4 Rxf3+ 61. Ka4 Rf1 62. Rh5 Rb8 63. Rf5+ Kg7 64. h4 Ra1+ 65. Kb3 Re1 66. Rg5+ Kh6 67. Nf6 Rf8 68. Ng4+ Kh7 69. Kc4 Rd1 70. b5 Rd4+ 71. Kc3 Rd1 72. b6 Rb1 73. Kc4 Rxb6 74. Kd5 f3 75. Ke6 d5+ 76. Kxe5 dxe4 77. Rh5+ Kg7 78. Rg5+ Rg6 79. Ne3 Rxg5+ 80. hxg5 f2 0-1

[Event "HUN-chT2 Charousek 1314"]
[Site "Hungary"]
[Date "2014.03.02"]
[Round "8"]
[White "Vertetics, Attila"]
[Black "Istvandi, Lajos"]
[Result "1-0"]
[WhiteElo "2402"]
[BlackElo "2313"]
[PlyCount "91"]
[EventDate "2013.09.08"]
[EventType "team-tourn"]
[EventRounds "11"]
[EventCountry "HUN"]
[SourceTitle "EXT 2016"]
[Source "ChessBase"]
[SourceDate "2015.10.08"]
[SourceVersion "1"]
[SourceVersionDate "2015.10.08"]
[SourceQuality "1"]
[WhiteTeam "Gyor Elektromos"]
[BlackTeam "Tapolca"]
[WhiteTeamCountry "HUN"]
[BlackTeamCountry "HUN"]

1. c4 e6 2. Nc3 d5 3. cxd5 exd5 4. d4 Nf6 5. Bg5 Be7 6. e3 c6 7. Bd3 Nbd7 8. Qc2 Nh5 9. Bxe7 Qxe7 10. 0-0-0 Ndf6 11. h3 g6 12. Nf3 Ng7 13. g4 h5 14. Ne5 Rg8 15. Rdg1 Bd7 16. g5 Ne4 17. Nxd7 Kxd7 18. Bxe4 dxe4 19. Nxe4 Rgd8 20. Kb1 Kc7 21. Nf6 Ne8 22. Qe4 Qd6 23. Nxe8+ Rxe8 24. Qf3 Qe6 25. Qf4+ Kb6 26. Rc1 Rad8 27. Rc5 Rd5 28. Rhc1 a6 29. Qf3 Red8 30. b3 R8d7 31. Kb2 Rxc5 32. Rxc5 Rd5 33. Rxd5 cxd5 34. h4 Kc6 35. Qf4 Kd7 36. Qb8 Qc6 37. a4 Ke7 38. f3 Qd7 39. Qe5+ Kf8 40. e4 dxe4 41. fxe4 Qg4 42. d5 Qe2+ 43. Ka3 b5 44. d6 Kg8 45. axb5 axb5 46. Kb4 1-0

[Event "HUN-chT2 Charousek 1314"]
[Site "Hungary"]
[Date "2014.02.02"]
[Round "6"]
[White "Takacs, Balazs"]
[Black "Istvandi, Lajos"]
[Result "1/2-1/2"]
[WhiteElo "2354"]
[BlackElo "2313"]
[PlyCount "71"]
[EventDate "2013.09.08"]
[EventType "team-tourn"]
[EventRounds "11"]
[EventCountry "HUN"]
[SourceTitle "EXT 2016"]
[Source "ChessBase"]
[SourceDate "2015.10.08"]
[SourceVersion "1"]
[SourceVersionDate "2015.10.08"]
[SourceQuality "1"]
[WhiteTeam "Alsoszolnok"]
[BlackTeam "Tapolca"]
[WhiteTeamCountry "HUN"]
[BlackTeamCountry "HUN"]

1. e4 e5 2. Nf3 Nc6 3. Bb5 Nge7 4. Nc3 d6 5. d4 exd4 6. Nxd4 Bd7 7. Nxc6 Nxc6 8. Bxc6 Bxc6 9. Qd4 Be7 10. Qxg7 Bf6 11. Qg3 Qe7 12. 0-0 0-0-0 13. Nd5 Bxd5 14. exd5 Qe4 15. Qb3 Rhg8 16. g3 h5 17. Bd2 h4 18. Rae1 Qg4 19. Bc3 Bg5 20. Qb4 Qh3 21. Qe4 f5 22. Qg2 Qg4 23. f3 Qc4 24. f4 Bh6 25. Re6 hxg3 26. hxg3 Qc5+ 27. Kh2 Bg7 28. Bxg7 Rxg7 29. Rh6 Re8 30. Rf2 Rge7 31. b3 b5 32. Re6 Rxe6 33. dxe6 Rxe6 34. Qf3 Re3 35. Qg2 Re7 36. Qf3 1/2-1/2

[Event "HUN-chT2 Szechenyi 1213"]
[Site "Hungary"]
[Date "2012.10.07"]
[Round "2.1"]
[White "Nagy, Bence"]
[Black "Istvandi, Lajos"]
[Result "1/2-1/2"]
[WhiteElo "2361"]
[BlackElo "2307"]
[PlyCount "35"]
[EventDate "2012.09.16"]
[EventType "team-tourn"]
[EventRounds "11"]
[EventCountry "HUN"]
[SourceTitle "EXT 2014"]
[Source "ChessBase"]
[SourceDate "2013.11.20"]
[SourceVersion "1"]
[SourceVersionDate "2013.11.20"]
[SourceQuality "1"]
[WhiteTeam "Lovo"]
[BlackTeam "Tapolca"]
[WhiteTeamCountry "HUN"]
[BlackTeamCountry "HUN"]

1. e4 c5 2. Nf3 e6 3. d4 cxd4 4. Nxd4 Qc7 5. g3 Nf6 6. Bg2 Nc6 7. 0-0 a6 8. Nc3 Bc5 9. Bf4 e5 10. Nb3 Bb4 11. Bg5 Bxc3 12. bxc3 d6 13. Bxf6 gxf6 14. f4 h5 15. fxe5 fxe5 16. Rf6 Be6 17. Qf1 Qe7 18. Qf2 1/2-1/2

[Event "HUN-chT2 Charousek 0910"]
[Site "Hungary"]
[Date "2010.03.14"]
[Round "5"]
[White "Varga, Zoltan"]
[Black "Istvandi, Lajos"]
[Result "1-0"]
[WhiteElo "2481"]
[BlackElo "2328"]
[PlyCount "55"]
[EventDate "2009.11.08"]
[EventType "team-tourn"]
[EventRounds "11"]
[EventCountry "HUN"]
[SourceTitle "EXT 2011"]
[Source "ChessBase"]
[SourceDate "2010.11.26"]
[SourceVersion "1"]
[SourceVersionDate "2010.11.26"]
[SourceQuality "1"]
[WhiteTeam "Taban Spartacus"]
[BlackTeam "Tapolca"]
[WhiteTeamCountry "HUN"]
[BlackTeamCountry "HUN"]

1. e4 c5 2. Nf3 d6 3. d4 cxd4 4. Nxd4 Nf6 5. f3 e6 6. Be3 a6 7. Qd2 Nbd7 8. Nc3 b5 9. g4 Nb6 10. Qf2 Nfd7 11. 0-0-0 Bb7 12. Kb1 Rc8 13. Nb3 Rxc3 14. bxc3 Na4 15. Qd2 Qc7 16. Rc1 Ne5 17. c4 bxc4 18. Qa5 Qd7 19. Be2 Be7 20. Rhd1 Bd8 21. Qd2 Bf6 22. Bd4 cxb3 23. cxb3 Nc5 24. g5 Be7 25. Bxe5 dxe5 26. Qxd7+ Nxd7 27. Rc7 Nc5 28. b4 1-0

[Event "HUN-chT2 Charousek 0910"]
[Site "Hungary"]
[Date "2009.12.06"]
[Round "3"]
[White "Ribli, Zoltan"]
[Black "Istvandi, Lajos"]
[Result "1-0"]
[WhiteElo "2563"]
[BlackElo "2328"]
[PlyCount "69"]
[EventDate "2009.11.08"]
[EventType "team-tourn"]
[EventRounds "11"]
[EventCountry "HUN"]
[SourceTitle "EXT 2011"]
[Source "ChessBase"]
[SourceDate "2010.11.26"]
[SourceVersion "1"]
[SourceVersionDate "2010.11.26"]
[SourceQuality "1"]
[WhiteTeam "Pannonpower"]
[BlackTeam "Tapolca"]
[WhiteTeamCountry "HUN"]
[BlackTeamCountry "HUN"]

1. c4 Nf6 2. Nf3 d6 3. d4 Nbd7 4. Nc3 e5 5. e4 c6 6. Be2 Be7 7. 0-0 Qc7 8. Be3 Nf8 9. Nh4 Ng6 10. Nf5 Bxf5 11. exf5 Nf4 12. Bf3 Qc8 13. Qc2 g6 14. Rfe1 N4h5 15. Bg5 Qc7 16. Bxh5 Nxh5 17. Bxe7 Qxe7 18. c5 0-0-0 19. cxd6 Rxd6 20. dxe5 Rd4 21. Rad1 Rxd1 22. Qxd1 Rd8 23. Qg4 Kb8 24. h3 Rd2 25. Re3 Rxb2 26. f6 Qf8 27. e6 fxe6 28. Qxe6 Qxf6 29. Qe8+ Kc7 30. Re7+ Kb6 31. Nd5+ cxd5 32. Re6+ Qxe6 33. Qxe6+ Kc5 34. Qe3+ Kc4 35. Qc1+ 1-0

[Event "HUN-chT2 Szechenyi 0809"]
[Site "Hungary"]
[Date "2009.02.22"]
[Round "8.1"]
[White "Istvandi, Lajos"]
[Black "Aczel, Gergely"]
[Result "0-1"]
[WhiteElo "2338"]
[BlackElo "2285"]
[PlyCount "112"]
[EventDate "2008.10.26"]
[EventType "team-tourn"]
[EventRounds "11"]
[EventCountry "HUN"]
[SourceTitle "EXT 2010"]
[Source "ChessBase"]
[SourceDate "2010.11.25"]
[SourceVersion "1"]
[SourceVersionDate "2010.11.25"]
[SourceQuality "1"]
[WhiteTeam "Keszthely"]
[BlackTeam "Veszprem"]
[WhiteTeamCountry "HUN"]
[BlackTeamCountry "HUN"]

1. e4 c5 2. Nf3 d6 3. d4 cxd4 4. Nxd4 Nf6 5. Nc3 a6 6. Be3 e5 7. Nf3 Be7 8. Bc4 Be6 9. Bb3 0-0 10. 0-0 h6 11. Qe2 Qc7 12. Rfd1 Nbd7 13. Nh4 Rfe8 14. Nf5 Nb6 15. Qf3 Bxf5 16. Qxf5 Nc4 17. Bc1 Qc8 18. Qf3 b5 19. h3 Qc6 20. Nd5 Nxd5 21. exd5 Qd7 22. g4 Rac8 23. c3 Bg5 24. Bc2 g6 25. b3 Nb6 26. Bb2 Rf8 27. Kh1 Kg7 28. Rg1 Rh8 29. Kg2 b4 30. c4 a5 31. Rh1 Qe7 32. Qe4 Qf6 33. h4 Bf4 34. Rh3 Nd7 35. Rf3 g5 36. h5 Nc5 37. Qe2 Rhe8 38. a3 Kf8 39. a4 Qe7 40. Bf5 Rc7 41. Be4 Nxe4 42. Qxe4 Qd7 43. Rg3 Kg8 44. Kf3 f5 45. gxf5 Rf8 46. Rg2 Rxf5 47. Ke2 Rf6 48. Rh1 Rc8 49. Kd3 Rcf8 50. Kc2 Kh8 51. Qd3 g4 52. Rhg1 Bg5 53. Bc1 Rf3 54. Qg6 R8f6 55. Qe4 Qe7 56. Rf1 g3 0-1

[Event "HUN-chT2 Szechenyi 0708"]
[Site "Hungary"]
[Date "2007.12.16"]
[Round "5"]
[White "Istvandi, Lajos"]
[Black "Gergacz, Attila"]
[Result "0-1"]
[WhiteElo "2348"]
[BlackElo "2324"]
[PlyCount "102"]
[EventDate "2007.10.14"]
[EventType "team"]
[EventRounds "11"]
[EventCountry "HUN"]
[SourceTitle "EXT 2009"]
[Source "ChessBase"]
[SourceDate "2008.11.26"]
[SourceVersion "1"]
[SourceVersionDate "2008.11.26"]
[SourceQuality "1"]
[WhiteTeam "Keszthely"]
[BlackTeam "Sarvar"]
[WhiteTeamCountry "HUN"]
[BlackTeamCountry "HUN"]

1. e4 e5 2. Nf3 Nc6 3. Bb5 a6 4. Bxc6 dxc6 5. d4 exd4 6. Qxd4 Qxd4 7. Nxd4 Bd7 8. Be3 0-0-0 9. Nd2 c5 10. Ne2 g6 11. 0-0-0 b6 12. h4 h6 13. Nf4 Ne7 14. Nb1 Bg7 15. Bd2 Bc6 16. Bc3 Bd4 17. Bxd4 cxd4 18. Nd2 g5 19. Nd3 f6 20. Rh2 Bb5 21. hxg5 hxg5 22. Rdh1 Rxh2 23. Rxh2 Bxd3 24. cxd3 Nc6 25. Rh3 b5 26. Kc2 Kb7 27. a3 Ne5 28. b4 c5 29. bxc5 a5 30. Rh7+ Ka6 31. Re7 a4 32. Re6+ Ka5 33. Nf3 b4 34. axb4+ Kxb4 35. Nxe5 fxe5 36. Rb6+ Kxc5 37. Ra6 Kb5 38. Re6 Rc8+ 39. Kb2 Rc5 40. Rg6 Kb4 41. Rb6+ Ka5 42. Rg6 Rc3 43. Rxg5 a3+ 44. Kb1 Kb4 45. Rxe5 Rxd3 46. f4 Rd1+ 47. Ka2 Rd2+ 48. Kb1 d3 49. Rd5 Kc3 50. f5 Rf2 51. g4 d2 0-1

[Event "HUN-chT2 Szechenyi 0607"]
[Site "Hungary"]
[Date "2007.02.18"]
[Round "5"]
[White "Elo, Istvan"]
[Black "Istvandi, Lajos"]
[Result "1/2-1/2"]
[WhiteElo "2137"]
[BlackElo "2342"]
[PlyCount "101"]
[EventDate "2006.11.12"]
[EventType "team"]
[EventRounds "11"]
[EventCountry "HUN"]
[SourceTitle "EXT 2008"]
[Source "ChessBase"]
[SourceDate "2007.11.25"]
[SourceVersion "1"]
[SourceVersionDate "2007.11.25"]
[SourceQuality "1"]
[WhiteTeam "Flesch"]
[BlackTeam "Khelyi Spartacus"]
[WhiteTeamCountry "HUN"]
[BlackTeamCountry "HUN"]

1. e4 c5 2. Nc3 Nc6 3. g3 g6 4. Bg2 Bg7 5. Nge2 e6 6. d3 d6 7. Be3 Nd4 8. 0-0 Ne7 9. Qd2 0-0 10. f4 Nec6 11. Nd1 Rb8 12. c3 Nxe2+ 13. Qxe2 b6 14. e5 Bb7 15. d4 cxd4 16. cxd4 Nb4 17. Bxb7 Rxb7 18. Nc3 dxe5 19. dxe5 Qd3 20. Qxd3 Nxd3 21. b3 Rc8 22. Ne4 Bf8 23. Rad1 Nb4 24. Rd2 Kg7 25. Nf6 Be7 26. Bd4 Rbc7 27. g4 Rc2 28. Rff2 Rxd2 29. Rxd2 Rd8 30. Kg2 Nc6 31. Bc3 Rxd2+ 32. Bxd2 Bxf6 33. exf6+ Kxf6 34. Kf3 e5 35. Ke4 exf4 36. Kxf4 Ne7 37. h4 Nd5+ 38. Ke4 Ke6 39. g5 Ne7 40. Be1 Nf5 41. a4 h6 42. b4 hxg5 43. hxg5 Ne7 44. b5 Nd5 45. a5 Kd6 46. axb6 f5+ 47. gxf6 Nxf6+ 48. Kf4 Nd5+ 49. Kg5 Nxb6 50. Bg3+ Kc5 51. Bb8 1/2-1/2